| 000 | 00763nam a22002057a 4500 | ||
|---|---|---|---|
| 003 | OSt | ||
| 005 | 20260310061600.0 | ||
| 008 | 260310b |||||||| |||| 00| 0 eng d | ||
| 020 | _a978-0-448-09517-2 | ||
| 040 |
_aDWCL GS lib _cOC |
||
| 082 | _2 K26m 1976 | ||
| 100 | _aCAROLYN KEENE | ||
| 245 |
_aMystery of the brass-bound trunk _cCAROLYN KEENE |
||
| 300 |
_avii, 180 pages: _billustrations _c19 cm. |
||
| 520 | _aThe Mystery of the Brass-Bound Trunk is a Nancy Drew mystery written under the pen name Carolyn Keene and features teenage detective Nancy Drew. | ||
| 546 | _aEnglish | ||
| 650 | _2Be brave in difficult situations, Help people in trouble | ||
| 650 | _2Honesty is important, Helping others is a good value | ||
| 942 |
_2ddc _cFIC. _hFic. _n0 |
||
| 999 |
_c8862 _d8862 |
||